000 00778nam a22002057a 4500
999 _c166513
_d166513
010 _aENG-126086
020 _a978-93-8472-664-5
_c1695.00
035 _aEN-109618
037 _bDBAD/PUB
082 _a658
100 _aMahajan, J.p. and Mishra, akshay
245 _aPrinciples and practice of management
_cby J.P. Mahajan and Akshay Mishra
250 _a2nd edition
260 _aNew Delhi
_bAne Books Pvt. Ltd.
_c2018
270 _a4821, Parwana Bhawan, 1st floor, 24 Ansari Road, Darya Ganj,
_bNew Delhi
_e110002
_k+91(011)23276843-44
_mwww.anebooks.com; kapoor@anebooks.com
_l+91(001)23276863
300 _a462p.
_b24cm(hb)
_cill.
500 _aits include table and figure
700 _aMahajan, J.P. and Mishra, Akshay
942 _2ddc
_cEN
_h658
_mMAH